[Event "3rd Szeged Cup"]
[Site "Szeged"]
[Date "2006.09.13"]
[Round "5"]
[White "Medvegy, Judit"]
[Black "Szonyi, Kata"]
[Result "1/2-1/2"]
[WhiteElo "2032"]
[BlackElo "2100"]
[PlyCount "114"]
[EventDate "2006.09.13"]
[SourceDate "2006.09.13"]

1. e4 d5 2. exd5 Nf6 3. d4 Nxd5 4. c4 Nb6 5. Nf3 g6 6. h3 Bg7 7. Nc3 O-O 8. Be3
Nc6 9. Qd2 e5 10. d5 Ne7 11. g4 f5 12. Bh6 Re8 13. Bxg7 Kxg7 14. O-O-O Nd7 15.
Re1 h6 16. Nxe5 Nxe5 17. Rxe5 Ng8 18. Rxe8 Qxe8 19. Bd3 fxg4 20. hxg4 Bxg4 21.
Qf4 Qd7 22. Rg1 Bh5 23. Qe5+ Kf7 24. Nb5 Rc8 25. Qf4+ Nf6 26. Qxh6 Rg8 27. Qf4
a6 28. Nxc7 Rc8 29. Ne6 Qxd5 30. Ng5+ Kg7 31. Qe3 Qd6 32. Kb1 Re8 33. Qg3 Qb4
34. a3 Re1+ 35. Rxe1 Qxe1+ 36. Ka2 Qe7 37. Nh3 Qd7 38. Nf4 Qf7 39. Qg5 Kf8 40.
Nxg6+ Bxg6 41. Qxg6 Qe7 42. f4 Qd6 43. Qh6+ Ke7 44. Bb1 b5 45. cxb5 axb5 46.
Qg7+ Kd8 47. Qg5 Qe6+ 48. Ka1 Qc6 49. Qe5 Nd7 50. Qd4 Ke7 51. f5 Nc5 52. Qc3
Qd5 53. f6+ Kf8 54. Qb4 Qd4 55. Qxd4 Nb3+ 56. Ka2 Nc1+ 57. Ka1 Nb3+ 1/2-1/2

[Event "3rd Szeged Cup"]
[Site "Szeged"]
[Date "2006.09.13"]
[Round "5"]
[White "Tanacs, Anna"]
[Black "Ruszin, Anna"]
[Result "1/2-1/2"]
[WhiteElo "1890"]
[BlackElo "2091"]
[PlyCount "129"]
[EventDate "2006.09.13"]
[SourceDate "2006.09.13"]

1. Nf3 d5 2. d4 Nf6 3. g3 g6 4. Bg2 Bg7 5. O-O O-O 6. c4 dxc4 7. Qc2 Nc6 8.
Qxc4 Be6 9. Qa4 Qd7 10. Nc3 Nd5 11. Qd1 Nb6 12. Bf4 Rfd8 13. Rc1 Nd5 14. Nxd5
Bxd5 15. b3 Rac8 16. Ne5 Nxe5 17. Bxe5 Bxg2 18. Kxg2 Bxe5 19. dxe5 Qe6 20. Qe1
Qxe5 21. Qb4 b6 22. e3 c5 23. Qa4 Qc7 24. Rfd1 a5 25. Qg4 Qc6+ 26. Kg1 Qf6 27.
Rxd8+ Rxd8 28. Rd1 Rxd1+ 29. Qxd1 Qd6 30. Qf3 Kg7 31. h4 e6 32. Qe2 Qe5 33. Qb5
Qa1+ 34. Kg2 Qxa2 35. Qxb6 Qa3 36. Qb8 Qb4 37. Qe5+ Kg8 38. Qc7 Qxb3 39. Qxa5
Qd5+ 40. Kf1 c4 41. Qc3 e5 42. Ke2 Qb5 43. Kd2 Qc5 44. Kc2 Kf8 45. Qb2 Ke7 46.
Kc3 Ke6 47. Qa2 Kf5 48. Qa8 e4 49. Qb7 Qa3+ 50. Kxc4 Qc1+ 51. Kd5 Qd2+ 52. Kc5
Qc3+ 53. Kd5 Qd3+ 54. Kc5 Qc3+ 55. Kd5 Qe5+ 56. Kc4 Qe6+ 57. Kd4 Qd6+ 58. Kc4
Qe6+ 59. Kd4 f6 60. Qxh7 Qd6+ 61. Kc4 Qd3+ 62. Kc5 Qc3+ 63. Kd5 Qd3+ 64. Kc5
Qc3+ 65. Kd5 1/2-1/2

[Event "3rd Szeged Cup"]
[Site "Szeged"]
[Date "2006.09.13"]
[Round "5"]
[White "Harsanyi, Kinga"]
[Black "Erdos, Boglarka"]
[Result "1-0"]
[WhiteElo "2087"]
[BlackElo "2044"]
[PlyCount "103"]
[EventDate "2006.09.13"]
[SourceDate "2006.09.13"]

1. d4 e6 2. e4 d5 3. Nd2 c5 4. dxc5 Bxc5 5. Nb3 Bb6 6. exd5 Qxd5 7. Qxd5 exd5
8. Nf3 Nc6 9. c3 Nf6 10. Bd3 O-O 11. O-O Re8 12. Bf4 Ne4 13. Rac1 Bf5 14. Nbd4
Nxd4 15. Nxd4 Bg6 16. Bb5 Red8 17. Rcd1 Nd6 18. Bxd6 Rxd6 19. Rd2 a6 20. Ba4
Bd8 21. Bb3 Bg5 22. f4 Be7 23. f5 Bh5 24. h3 f6 25. Ne6 Bf7 26. Bxd5 Ra7 27.
Rfd1 b5 28. Nf4 Rad7 29. Kf1 Kf8 30. Ke2 Bxd5 31. Rxd5 Rxd5 32. Rxd5 Rb7 33.
Kd3 Kf7 34. g4 Bf8 35. Ne6 Be7 36. Kd4 g6 37. Nc5 Rb6 38. Ne4 Rc6 39. b3 Rb6
40. Nc5 Rc6 41. Ne6 Rc8 42. Rd7 Ke8 43. Rc7 Ra8 44. Kd5 a5 45. Kc6 a4 46. b4
Rb8 47. a3 gxf5 48. gxf5 Kf7 49. Kd7 Rb6 50. Rc6 Rb7+ 51. Kc8 Ra7 52. Nc7 1-0

[Event "3rd Szeged Cup"]
[Site "Szeged"]
[Date "2006.09.13"]
[Round "5"]
[White "Bali, Eszter"]
[Black "Bea, Boglarka"]
[Result "1-0"]
[WhiteElo "1958"]
[BlackElo "1669"]
[PlyCount "47"]
[EventDate "2006.09.13"]
[SourceDate "2006.09.13"]

1. e4 e5 2. Nf3 Nc6 3. Bc4 Bc5 4. c3 Nf6 5. d4 exd4 6. e5 Ng8 7. cxd4 Bb6 8.
Nc3 d6 9. O-O Bg4 10. h3 Bh5 11. g4 Bg6 12. Re1 Nge7 13. Bg5 O-O 14. Nd5 Re8
15. Bb5 Qd7 16. Nxe7+ Rxe7 17. d5 Ree8 18. Rc1 Bc5 19. dxc6 bxc6 20. Ba4 Rab8
21. Rxc5 Qe6 22. exd6 Qxa2 23. Rxe8+ Rxe8 24. d7 1-0

[Event "3rd Szeged Cup"]
[Site "Szeged"]
[Date "2006.09.14"]
[Round "6"]
[White "Khurtsidze, Nino"]
[Black "Madl, Ildiko"]
[Result "1-0"]
[WhiteElo "2414"]
[BlackElo "2379"]
[PlyCount "57"]
[EventDate "2006.??.??"]
[WhiteTeam "Georgien"]
[BlackTeam "Ungarn"]
[WhiteTeamCountry "GEO"]
[BlackTeamCountry "HUN"]

1. d4 d5 2. c4 c6 3. e3 Nf6 4. Nf3 g6 5. Nc3 Bg7 6. Be2 O-O 7. O-O a6 8. a4 a5
9. b3 Ne4 10. Bb2 Nxc3 11. Bxc3 Bf5 12. b4 axb4 13. Bxb4 Na6 14. Ba3 dxc4 15.
Bxc4 Nc7 16. Qb3 b5 17. axb5 cxb5 18. Be2 Rb8 19. Bc5 Ne6 20. Bb4 Rb7 21. Nd2
Qb8 22. g4 Bxd4 23. Rac1 Qe5 24. gxf5 Qxf5 25. exd4 Nxd4 26. Qe3 Rd7 27. Bc3
Rfd8 28. Bxd4 Rxd4 29. Rfd1 1-0

[Event "3rd Szeged Cup"]
[Site "Szeged"]
[Date "2006.09.01"]
[Round "6"]
[White "Foisor, Cristina Adela"]
[Black "Vajda, Szidonia"]
[Result "1-0"]
[WhiteElo "2393"]
[BlackElo "2396"]
[PlyCount "165"]
[EventDate "2006.??.??"]
[WhiteTeam "Rumaenien"]
[BlackTeam "Ungarn"]
[WhiteTeamCountry "ROM"]
[BlackTeamCountry "HUN"]

1. c4 Nf6 2. g3 c6 3. Nf3 d5 4. b3 Bf5 5. Bb2 e6 6. Bg2 Be7 7. O-O Nbd7 8. d3
h6 9. Na3 O-O 10. Nc2 Re8 11. Rc1 Rc8 12. Qd2 Bf8 13. Ne3 Bh7 14. Rc2 dxc4 15.
Nxc4 Nd5 16. a3 b5 17. Nce5 Nxe5 18. Nxe5 c5 19. Rfc1 f6 20. Nf3 e5 21. e4 Nb6
22. Nh4 Qd7 23. Qd1 Red8 24. Rd2 Qe6 25. Bf3 Rc7 26. Bg4 Qf7 27. Nf5 Kh8 28.
Rb1 Bxf5 29. Bxf5 Nc8 30. a4 a6 31. Bc3 b4 32. Bb2 Ne7 33. Bg4 Nc6 34. h4 Nd4
35. Bxd4 cxd4 36. h5 Rc3 37. Bf5 Rd6 38. Kg2 Rdc6 39. Qg4 a5 40. Bd7 Rb6 41.
Bb5 f5 42. exf5 Rxb3 43. Rxb3 Qxb3 44. Qe4 Rd6 45. Qxe5 Qd5+ 46. Qxd5 Rxd5 47.
g4 Bd6 48. Bc4 Rc5 49. Kf3 Re5 50. Rc2 Kh7 51. Bf7 Rc5 52. Rxc5 Bxc5 53. Ke4
Bb6 54. Ke5 Kh8 55. Kd6 Bd8 56. Kc5 Bf6 57. f4 Kh7 58. Kb5 Bd8 59. g5 Kh8 60.
Be6 Kh7 61. Bb3 Kh8 62. Kc5 hxg5 63. fxg5 Bxg5 64. Kxd4 Kh7 65. Kc4 Kh6 66. Bd1
Bd8 67. d4 Kg5 68. Bc2 Kf6 69. Kc5 b3 70. Bb1 Be7+ 71. Kc6 Bb4 72. d5 Bc3 73.
d6 Be5 74. d7 Ke7 75. f6+ gxf6 76. h6 f5 77. Bxf5 b2 78. h7 Kd8 79. Bb1 Bh8 80.
Kd6 Bg7 81. Ke6 Bc3 82. Bf5 Bd4 83. Kf7 1-0

[Event "3rd Szeged Cup"]
[Site "Szeged"]
[Date "2006.09.14"]
[Round "6"]
[White "Baki, Peterne"]
[Black "Gara, Anita"]
[Result "1/2-1/2"]
[WhiteElo "2110"]
[BlackElo "2349"]
[PlyCount "122"]
[EventDate "2006.??.??"]
[WhiteTeam "Ungarn"]
[BlackTeam "Ungarn"]
[WhiteTeamCountry "HUN"]
[BlackTeamCountry "HUN"]

1. e4 d5 2. exd5 Qxd5 3. d4 Nc6 4. Nf3 Bg4 5. Be2 O-O-O 6. Be3 e5 7. c3 exd4 8.
cxd4 Qa5+ 9. Nc3 Qb4 10. a3 Qd6 11. d5 Bxf3 12. Bxf3 Ne5 13. O-O a6 14. Rc1 Ne7
15. Qe2 Qf6 16. Be4 Nf5 17. Ba7 Bd6 18. Na4 Nd7 19. Qc2 Nd4 20. Qd3 Nb5 21. Be3
Kb8 22. Nc3 Nxc3 23. Rxc3 Rhe8 24. f3 Qe5 25. g3 g6 26. Bd4 Qe7 27. Qc4 f5 28.
Bd3 Be5 29. Rb3 Bxd4+ 30. Qxd4 Qc5 31. Qxc5 Nxc5 32. Rc3 Rxd5 33. Bc4 Rd2 34.
Rf2 Rd1+ 35. Kg2 Nd7 36. Rd3 Rxd3 37. Bxd3 Re3 38. Bb1 Ne5 39. h3 c5 40. f4 Nc6
41. g4 Nd4 42. b4 c4 43. Rd2 Nb3 44. Rd7 c3 45. Kf2 Rxh3 46. gxf5 gxf5 47. Bxf5
Rh2+ 48. Ke3 c2 49. Bxc2 Rxc2 50. Rxh7 Rc3+ 51. Ke4 Nd2+ 52. Kd5 Rxa3 53. f5
Rf3 54. Ke6 Ne4 55. Ke5 Nd2 56. f6 Re3+ 57. Kd5 Ne4 58. Rh8+ Kc7 59. f7 Rf3 60.
f8=Q Rxf8 61. Rxf8 Nc3+ {Ke4} 1/2-1/2

[Event "3rd Szeged Cup"]
[Site "Szeged"]
[Date "2006.09.01"]
[Round "6"]
[White "Foisor, Sabina-Francesca"]
[Black "Medvegyne Balogh, Emese"]
[Result "1-0"]
[WhiteElo "2292"]
[BlackElo "2145"]
[PlyCount "55"]
[EventDate "2006.??.??"]
[WhiteTeam "Rumaenien"]
[BlackTeam "Ungarn"]
[WhiteTeamCountry "ROM"]
[BlackTeamCountry "HUN"]

1. d4 d5 2. c4 e5 3. dxe5 d4 4. Nf3 Nc6 5. g3 Bg4 6. Nbd2 Qd7 7. Bg2 O-O-O 8.
a3 Nge7 9. b4 Ng6 10. O-O h5 11. h4 Bxf3 12. Nxf3 Ncxe5 13. c5 Nxf3+ 14. exf3
Ne7 15. Qd3 Kb8 16. Rd1 g6 17. b5 Qf5 18. Bf4 Rd5 19. b6 Qxd3 20. Rxd3 Rxc5 21.
Bxc7+ Ka8 22. Re1 Nc8 23. Be5 Rxe5 24. Rxe5 Bg7 25. Rc5 axb6 26. Rc7 Rf8 27. f4
Nd6 28. Rd7 1-0

[Event "3rd Szeged Cup"]
[Site "Szeged"]
[Date "2006.09.01"]
[Round "6"]
[White "Medvegy, Judit"]
[Black "Harsanyi, Kinga"]
[Result "1-0"]
[WhiteElo "2032"]
[BlackElo "2087"]
[PlyCount "67"]
[EventDate "2006.??.??"]
[WhiteTeam "Ungarn"]
[BlackTeam "Ungarn"]
[WhiteTeamCountry "HUN"]
[BlackTeamCountry "HUN"]

1. e4 c5 2. Nc3 Nc6 3. g3 d6 4. Bg2 g6 5. d3 Bg7 6. Be3 e6 7. Nge2 Nd4 8. O-O
Ne7 9. Qd2 O-O 10. Nd1 Bd7 11. c3 Nxe2+ 12. Qxe2 Bb5 13. c4 Bc6 14. f4 f5 15.
Nc3 b6 16. Rae1 Re8 17. Bc1 Nc8 18. Qc2 fxe4 19. dxe4 Ne7 20. Rd1 Bd4+ 21. Kh1
d5 22. Ne2 Bg7 23. f5 exf5 24. cxd5 Bb5 25. d6 Nc6 26. Qb3+ Kh8 27. Qxb5 Nb4
28. d7 Rf8 29. exf5 a6 30. Qc4 Ra7 31. Qe6 gxf5 32. Rxf5 Bf6 33. Rxf6 Rxf6 34.
Qxf6+ 1-0

[Event "3rd Szeged Cup"]
[Site "Szeged"]
[Date "2006.09.14"]
[Round "6"]
[White "Barcsi, Jdit"]
[Black "Rudolf, Anna"]
[Result "0-1"]
[WhiteElo "2051"]
[BlackElo "2249"]
[PlyCount "154"]
[EventDate "2006.09.14"]
[SourceDate "2006.09.14"]
[WhiteTeam "Ungarn"]
[BlackTeam "Ungarn"]

1. e4 e6 2. d4 d5 3. exd5 exd5 4. c4 Nf6 5. Nc3 Be7 6. Nf3 O-O 7. Bd3 dxc4 8.
Bxc4 Nbd7 9. h3 Nb6 10. Bd3 Nbd5 11. O-O c6 12. Re1 Re8 13. Ne5 Be6 14. Kh1 Qc7
15. f4 Nxc3 16. bxc3 b5 17. Qc2 Bd5 18. Bb2 h6 19. c4 bxc4 20. Bxc4 Rac8 21.
Rac1 Bd6 22. Qd3 Qa5 23. Re2 Bxc4 24. Qxc4 Qd5 25. Qa6 Nh5 26. Rf2 c5 27. Kh2
Rc7 28. Qe2 Nxf4 29. Rxf4 cxd4 30. Rxc7 Bxc7 31. Bxd4 Bxe5 32. Bxe5 Rxe5 33.
Qf2 Re7 34. Rf3 Qd6+ 35. g3 Qd1 36. Qg2 Qd5 37. Rf2 Qd4 38. Re2 Rc7 39. Rf2 Rd7
40. Re2 a5 41. Qa8+ Rd8 42. Qxa5 Rc8 43. Qf5 Qc4 44. Rf2 Ra8 45. Qc2 Qxc2 46.
Rxc2 Ra3 47. h4 Kh7 48. Kh3 h5 49. Rf2 Kg6 50. Kh2 f6 51. Kg2 Kf7 52. Re2 f5
53. Kh2 Kf6 54. Kg2 g5 55. hxg5+ Kxg5 56. Rf2 Kg4 57. Rf4+ Kg5 58. Rf2 Kg6 59.
Kh3 Ra4 60. Kg2 Kg5 61. Rb2 Kf6 62. Re2 Rg4 63. Kh3 Kg5 64. a3 h4 65. gxh4+
Rxh4+ 66. Kg2 Ra4 67. Ra2 Kg4 68. Ra1 f4 69. Kf2 f3 70. Ra2 Kf4 71. Ra1 Ra8 72.
a4 Rh8 73. Kg1 Kg3 74. Ra3 Rc8 75. Ra1 Rc2 76. a5 Rg2+ 77. Kh1 Rh2+ 0-1

[Event "3rd Szeged Cup"]
[Site "Szeged"]
[Date "2006.09.14"]
[Round "6"]
[White "Bolvary, Tamara"]
[Black "Bartha, Agnes"]
[Result "1-0"]
[WhiteElo "2104"]
[BlackElo "1857"]
[PlyCount "55"]
[EventDate "2006.09.14"]
[SourceDate "2006.09.14"]

1. e4 e6 2. d4 d5 3. Bd3 dxe4 4. Bxe4 Nf6 5. Bf3 c6 6. Ne2 Bd6 7. Nbc3 Qc7 8.
Bg5 Nbd7 9. Qd3 a5 10. Ne4 Nxe4 11. Bxe4 h6 12. Qh3 e5 13. Qh4 Nf8 14. dxe5
Bxe5 15. O-O-O Be6 16. f4 hxg5 17. Qxh8 Bxf4+ 18. Kb1 Be5 19. Qh5 Qb6 20. c3
Bf6 21. Qf3 a4 22. Nd4 a3 23. b3 Nd7 24. Nxe6 fxe6 25. Bg6+ Ke7 26. Qd3 Qc7 27.
Qc4 Ne5 28. Qc5+ 1-0

[Event "3rd Szeged Cup"]
[Site "Szeged"]
[Date "2006.09.14"]
[Round "6"]
[White "Szonyi, Kata"]
[Black "Papp, Petra"]
[Result "1-0"]
[WhiteElo "2100"]
[BlackElo "1791"]
[PlyCount "91"]
[EventDate "2006.09.14"]
[SourceDate "2006.09.14"]
[WhiteTeam "Ungarn"]
[BlackTeam "Ungarn"]

1. e4 c5 2. Nf3 Nc6 3. d4 cxd4 4. Nxd4 Nf6 5. Nc3 e5 6. Ndb5 d6 7. Bg5 a6 8.
Na3 b5 9. Bxf6 gxf6 10. Nd5 Bg7 11. c3 Ne7 12. Nxe7 Qxe7 13. Bd3 Bb7 14. Nc2 f5
15. Ne3 Bc8 16. exf5 Bb7 17. Qg4 Bf6 18. Be4 O-O-O 19. Qf3 Rhg8 20. a4 Qd7 21.
Bxb7+ Qxb7 22. Qxb7+ Kxb7 23. Nd5 Bh8 24. g3 Rg5 25. Ke2 Rxf5 26. axb5 axb5 27.
Ra5 e4 28. Rxb5+ Kc6 29. c4 Rf3 30. Ra1 Bd4 31. Ra6+ Kd7 32. Rb7+ Ke8 33. Re7+
Kf8 34. Rxe4 Rxf2+ 35. Ke1 Re8 36. Rxe8+ Kxe8 37. Rxd6 Bc5 38. b4 Ba7 39. c5
Rxh2 40. c6 Bf2+ 41. Kf1 Bxg3 42. c7 Rf2+ 43. Kg1 f5 44. c8=Q+ Kf7 45. Rf6+ Kg7
46. Qf8# 1-0

[Event "3rd Szeged Cup"]
[Site "Szeged"]
[Date "2006.09.15"]
[Round "7"]
[White "Foisor, Cristina Adela"]
[Black "Khurtsidze, Nino"]
[Result "0-1"]
[WhiteElo "2393"]
[BlackElo "2414"]
[PlyCount "68"]
[EventDate "2006.??.??"]
[WhiteTeam "Rumaenien"]
[BlackTeam "Georgien"]
[WhiteTeamCountry "ROM"]
[BlackTeamCountry "GEO"]

1. c4 e6 2. g3 d5 3. Bg2 Nf6 4. Nf3 Be7 5. O-O O-O 6. d4 c6 7. Qc2 b6 8. Rd1
Nbd7 9. b3 Bb7 10. Nc3 Rc8 11. e4 c5 12. exd5 exd5 13. Bb2 Qc7 14. dxc5 dxc4
15. b4 a5 16. Nb5 Qb8 17. Nd6 Bxd6 18. Rxd6 bxc5 19. Rad1 cxb4 20. Rxd7 Be4 21.
Qe2 c3 22. Bc1 Bxf3 23. Bxf3 Nxd7 24. Rxd7 Rfe8 25. Qd3 Re1+ 26. Kg2 Rxc1 27.
Qf5 Rf8 28. Be4 g6 29. Qg5 Re1 30. Qd5 Qe8 31. Bc2 Qa8 32. Qxa8 Rxa8 33. Bb3
Rc8 34. Rxf7 Kh8 0-1

[Event "3rd Szeged Cup"]
[Site "Szeged"]
[Date "2006.09.15"]
[Round "7"]
[White "Madl, Ildiko"]
[Black "Foisor, Sabina-Francesca"]
[Result "1/2-1/2"]
[WhiteElo "2379"]
[BlackElo "2292"]
[PlyCount "67"]
[EventDate "2006.??.??"]
[WhiteTeam "Ungarn"]
[BlackTeam "Rumaenien"]
[WhiteTeamCountry "HUN"]
[BlackTeamCountry "ROM"]

1. e4 e6 2. d4 d5 3. Nc3 Nf6 4. Bg5 dxe4 5. Nxe4 Be7 6. Bxf6 gxf6 7. Nf3 a6 8.
g3 b5 9. Bg2 Bb7 10. Qe2 Nd7 11. O-O O-O 12. Rfd1 Bd5 13. Nc3 c6 14. a3 Qb6 15.
Ne1 Bxg2 16. Nxg2 Rfe8 17. Qg4+ Kh8 18. Qh5 Kg7 19. Ne4 f5 20. Ng5 Bxg5 21.
Qxg5+ Kh8 22. c3 Qd8 23. Qf4 Nb6 24. Qe5+ Kg8 25. b3 Qd5 26. Qc7 Rab8 27. Rab1
Qf3 28. Qf4 Qxf4 29. Nxf4 Nd5 30. Nxd5 cxd5 31. Kf1 Rec8 32. Rdc1 Rc6 33. Ke2
Rbc8 34. Kd3 1/2-1/2

[Event "3rd Szeged Cup"]
[Site "Szeged"]
[Date "2006.09.15"]
[Round "7"]
[White "Gara, Ticia"]
[Black "Pokorna, Regina"]
[Result "1-0"]
[WhiteElo "2309"]
[BlackElo "2342"]
[PlyCount "77"]
[EventDate "2006.??.??"]
[WhiteTeam "Ungarn"]
[BlackTeam "Slovakei"]
[WhiteTeamCountry "HUN"]
[BlackTeamCountry "SVK"]

1. e4 e5 2. Nf3 Nc6 3. Bb5 a6 4. Ba4 Nf6 5. O-O Be7 6. Bxc6 dxc6 7. Qe1 Nd7 8.
b3 c5 9. Bb2 Bf6 10. d3 O-O 11. Nbd2 Re8 12. Nc4 b6 13. a4 Qe7 14. h3 Qe6 15.
Nh2 Be7 16. Qc3 f6 17. Ng4 Nf8 18. f4 exf4 19. Rxf4 Ng6 20. Rf2 Bd7 21. Raf1 b5
22. Rxf6 gxf6 23. Nxf6+ Bxf6 24. Rxf6 Qxf6 25. Qxf6 Re7 26. Ne5 Rf8 27. Qg5
Rxe5 28. Bxe5 bxa4 29. bxa4 Bxa4 30. h4 Re8 31. Bc3 Re6 32. h5 Bxc2 33. hxg6
hxg6 34. Qh6 Kf7 35. Qh7+ Ke8 36. Qxc7 Bxd3 37. Qc8+ Ke7 38. Qxc5+ Kf7 39. Bb4
1-0

[Event "3rd Szeged Cup"]
[Site "Szeged"]
[Date "2006.09.15"]
[Round "7"]
[White "Shadrina, Tatiana"]
[Black "Vajda, Szidonia"]
[Result "1/2-1/2"]
[WhiteElo "2389"]
[BlackElo "2396"]
[PlyCount "91"]
[EventDate "2006.??.??"]
[WhiteTeam "Russland"]
[BlackTeam "Ungarn"]
[WhiteTeamCountry "RUS"]
[BlackTeamCountry "HUN"]

1. e4 e5 2. Nf3 Nc6 3. d4 exd4 4. Nxd4 Nf6 5. Nxc6 bxc6 6. e5 Qe7 7. Qe2 Nd5 8.
c4 Nb6 9. b3 a5 10. Bb2 a4 11. Qe3 axb3 12. axb3 Rxa1 13. Bxa1 Qb4+ 14. Qc3 Na4
15. Qxb4 Bxb4+ 16. Kd1 Nc5 17. Kc2 d6 18. Bd3 Nxd3 19. Kxd3 Bf5+ 20. Ke3 Kd7
21. exd6 cxd6 22. Nc3 Bc2 23. Kd2 Bxb3 24. Rb1 Bxc3+ 25. Kxc3 Ba2 26. Rb7+ Ke6
27. Ra7 Bb1 28. c5 dxc5 29. Kc4 Rd8 30. Kxc5 Rd2 31. Bd4 Be4 32. g3 g5 33. Be3
Rc2+ 34. Kd4 Bg6 35. Ra5 f6 36. Rc5 Rxc5 37. Kxc5 Be4 38. h4 h6 39. Bd4 Bd5 40.
Bc3 Kf5 41. Bd4 Kg6 42. Bc3 h5 43. Bd4 f5 44. Kd6 f4 45. Ke5 fxg3 46. fxg3
1/2-1/2

[Event "3rd Szeged Cup"]
[Site "Szeged"]
[Date "2006.09.15"]
[Round "7"]
[White "Gara, Anita"]
[Black "Medvegy, Judit"]
[Result "1-0"]
[WhiteElo "2349"]
[BlackElo "2032"]
[PlyCount "81"]
[EventDate "2006.??.??"]
[WhiteTeam "Ungarn"]
[BlackTeam "Ungarn"]
[WhiteTeamCountry "HUN"]
[BlackTeamCountry "HUN"]

1. e4 c6 2. d4 d5 3. Nc3 dxe4 4. Nxe4 Bf5 5. Ng3 Bg6 6. h4 h6 7. Nf3 Nd7 8. h5
Bh7 9. Bd3 Bxd3 10. Qxd3 Ngf6 11. Bf4 e6 12. O-O-O Be7 13. Kb1 O-O 14. Ne4 c5
15. Nxf6+ Nxf6 16. g4 Nxg4 17. Rdg1 f5 18. Qe2 Qd7 19. Ne5 Qxd4 20. Ng6 Bf6 21.
c3 Qxf2 22. Qxe6+ Rf7 23. Re1 Qf3 24. Rhf1 Qd3+ 25. Ka1 Rd8 26. Bd6 Bxc3 27.
Rd1 Bd2 28. Ne7+ Kh7 29. Qxf7 Ne3 30. a3 Qxd6 31. Nxf5 Nxf5 32. Qxf5+ Kh8 33.
Rf2 Qe7 34. Qc2 Bg5 35. Rxd8+ Qxd8 36. Qxc5 Bf6 37. Rc2 Qd1+ 38. Ka2 Qf3 39.
Qb5 Kh7 40. Rc8 Qe4 41. Qb3 1-0

[Event "3rd Szeged Cup"]
[Site "Szeged"]
[Date "2006.09.15"]
[Round "7"]
[White "Albert, Kornelia"]
[Black "Toth, Lili"]
[Result "0-1"]
[WhiteElo "2120"]
[BlackElo "2217"]
[PlyCount "54"]
[EventDate "2006.??.??"]
[WhiteTeam "Ungarn"]
[BlackTeam "Ungarn"]
[WhiteTeamCountry "HUN"]
[BlackTeamCountry "HUN"]

1. e4 e6 2. d4 d5 3. Nd2 c5 4. exd5 exd5 5. Ngf3 Nc6 6. dxc5 Bxc5 7. Nb3 Bd6 8.
Be2 Nge7 9. Nbd4 O-O 10. O-O a6 11. c3 Qc7 12. Nc2 Bg4 13. h3 Be6 14. Nfd4 Ng6
15. Nxe6 fxe6 16. Nd4 Nxd4 17. cxd4 Nf4 18. Bg4 Rf6 19. g3 h5 20. Bf3 Nxh3+ 21.
Kg2 Raf8 22. Kxh3 Rxf3 23. Kg2 Qf7 24. Bf4 Rxf4 25. gxf4 Qg6+ 26. Kf3 Qe4+ 27.
Kg3 Qxf4+ 0-1

[Event "3rd Szeged Cup"]
[Site "Szeged"]
[Date "2006.09.15"]
[Round "7"]
[White "Rudolf, Anna"]
[Black "Bolvary, Tamara"]
[Result "1-0"]
[WhiteElo "2249"]
[BlackElo "2104"]
[PlyCount "95"]
[EventDate "2006.??.??"]
[WhiteTeam "Ungarn"]
[BlackTeam "Ungarn"]
[WhiteTeamCountry "HUN"]
[BlackTeamCountry "HUN"]

1. e4 c5 2. Nf3 e6 3. d4 cxd4 4. Nxd4 a6 5. c4 Qc7 6. Nc3 Nf6 7. a3 b6 8. g3
Bb7 9. Bg2 Be7 10. Be3 d6 11. Rc1 Nbd7 12. O-O Rc8 13. f4 Qb8 14. Qe2 O-O 15.
g4 Qa8 16. Bf2 g6 17. Nb3 Rfe8 18. Nd2 h6 19. h3 Nh7 20. Kh1 Bf8 21. Qf3 Bg7
22. Be3 Nc5 23. Bg1 Rf8 24. b4 Nd7 25. Qd3 Rfd8 26. Na4 b5 27. cxb5 axb5 28.
Nb6 Nxb6 29. Bxb6 Rxc1 30. Rxc1 Rc8 31. Rxc8+ Qxc8 32. Qxd6 Qc1+ 33. Kh2 Nf8
34. Qd3 g5 35. Be3 gxf4 36. Bxf4 Ng6 37. Bg3 Ne5 38. Qd6 Nc6 39. e5 Qc3 40. Ne4
Qb2 41. Qd2 Bxe5 42. Qxb2 Bxb2 43. Nd6 Ba8 44. Nxb5 Nd4 45. Nxd4 Bxg2 46. Kxg2
Bxd4 47. Bd6 Bb6 48. a4 1-0

[Event "3rd Szeged Cup"]
[Site "Szeged"]
[Date "2006.09.15"]
[Round "7"]
[White "Harsanyi, Kinga"]
[Black "Ignacz, Rozsa"]
[Result "1-0"]
[WhiteElo "2087"]
[BlackElo "1998"]
[PlyCount "69"]
[EventDate "2006.09.15"]
[SourceDate "2006.09.15"]
[WhiteTeam "Ungarn"]
[BlackTeam "Ungarn"]

1. d4 Nf6 2. c4 e6 3. Nc3 Bb4 4. Qc2 d5 5. e3 O-O 6. Nf3 c5 7. dxc5 Bxc5 8. Bd3
dxc4 9. Bxc4 b6 10. a3 Bb7 11. b4 Be7 12. O-O Nbd7 13. Nd4 Qc8 14. Qb3 Kh8 15.
Bb2 Ne5 16. Be2 Nc6 17. Nf3 a6 18. Na4 Qc7 19. Rac1 b5 20. Nc5 Bxc5 21. Rxc5
Qe7 22. Qc3 Rac8 23. Rc1 Rfd8 24. Ng5 Qf8 25. Qc2 Qg8 26. Bxf6 gxf6 27. Bf3 Na5
28. Bxb7 Rxc5 29. bxc5 Nxb7 30. c6 Nd6 31. c7 Rc8 32. Qc6 Qf8 33. Rd1 Qe7 34.
Qxd6 Qxd6 35. Nxf7+ 1-0

[Event "3rd Szeged Cup"]
[Site "Szeged"]
[Date "2006.09.15"]
[Round "7"]
[White "Bartha, Agnes"]
[Black "Barcsi, Judit"]
[Result "0-1"]
[WhiteElo "1857"]
[BlackElo "2051"]
[PlyCount "132"]
[EventDate "2006.09.15"]
[SourceDate "2006.09.15"]

1. d4 d5 2. c4 c6 3. Nc3 e6 4. e4 Bb4 5. Bd3 dxe4 6. Bxe4 Nf6 7. Bf3 O-O 8. Bf4
Nbd7 9. g4 Qa5 10. Qb3 e5 11. Be3 exd4 12. Bxd4 Re8+ 13. Kf1 Ne5 14. h3 Bc5 15.
Bxe5 Rxe5 16. Qc2 Qc7 17. Nge2 b6 18. a3 Bb7 19. b4 Bd6 20. Rg1 h6 21. Nd4 Bf8
22. h4 c5 23. Ncb5 Qc8 24. bxc5 Rxc5 25. Bxb7 Qxb7 26. g5 hxg5 27. hxg5 Ne4 28.
f3 Nxg5 29. Qd3 Qd7 30. f4 Ne6 31. Rh1 g6 32. Qe4 Re8 33. Nf3 Rf5 34. Re1 Rxf4
35. Qe2 Qc6 36. Rh3 a6 37. Na7 Qxc4 38. Qxc4 Rxc4 39. Ne5 Rc2 40. Nd7 Bg7 41.
Nxb6 Rc7 42. Nac8 Rexc8 43. Nxc8 Rxc8 44. Rd1 Rc2 45. Rd6 Nc7 46. Rb3 Bh6 47.
Rd8+ Kg7 48. Rd7 Bf4 49. Rb4 g5 50. a4 Kg6 51. Rd8 Kf5 52. Rd7 f6 53. Rf7 Nd5
54. Rb3 Kg4 55. Rd7 Ne3+ 56. Kg1 Kf3 57. Rd1 Rg2+ 58. Kh1 Rf2 59. a5 g4 60. Kg1
Ra2 61. Rf1+ Kg3 62. Kh1 Bg5 63. Rxe3+ Bxe3 64. Rf3+ Kh4 65. Rh3+ Kg5 66. Rxe3
Rxa5 0-1

[Event "3rd Szeged Cup"]
[Site "Szeged"]
[Date "2006.09.15"]
[Round "7"]
[White "Papp, Petra"]
[Black "Bea, Boglarka"]
[Result "0-1"]
[WhiteElo "1791"]
[BlackElo "1669"]
[PlyCount "114"]
[EventDate "2006.09.15"]
[SourceDate "2006.09.15"]
[WhiteTeam "Ungarn"]
[BlackTeam "Ungarn"]

1. d4 Nf6 2. c4 e6 3. f3 Bb4+ 4. Bd2 Bxd2+ 5. Qxd2 d5 6. Nc3 O-O 7. e4 Nc6 8.
e5 Ne8 9. f4 f6 10. Nf3 b6 11. b3 Bb7 12. cxd5 exd5 13. Nxd5 Nxd4 14. Nxf6+
Nxf6 15. Nxd4 Ne4 16. Qe3 Qh4+ 17. Ke2 Qxf4 18. Qxf4 Rxf4 19. Ke3 Rh4 20. Rc1
c5 21. Bc4+ Kh8 22. Nf3 Rh5 23. e6 Ng5 24. Ne5 Re8 25. Rhf1 Nxe6 26. Nf7+ Kg8
27. g4 Rh3+ 28. Kd2 Rxh2+ 29. Kc3 Rh3+ 30. Kb2 Bg2 31. Rf2 Rf3 32. Rxf3 Bxf3
33. Ng5 Bxg4 34. Re1 g6 35. Nxe6 Bxe6 36. Rxe6 Rxe6 37. Bxe6+ Kg7 38. Kc3 Kf6
39. Bc8 Ke5 40. Kd3 Kf4 41. Ke2 Kg3 42. Kf1 h5 43. Bd7 g5 44. Kg1 Kf3 45. Be6
g4 46. Bd7 a5 47. a4 h4 48. Kh2 g3+ 49. Kg1 Kf4 50. Kg2 Ke3 51. Bc6 Kf4 52. Kh3
Kg5 53. Be8 Kf4 54. Kxh4 g2 55. Bd7 g1=Q 56. Bh3 Qg3+ 57. Kh5 Qg5# 0-1

[Event "3rd Szeged Cup"]
[Site "Szeged"]
[Date "2006.09.16"]
[Round "8"]
[White "Shadrina, Tatiana"]
[Black "Gara, Ticia"]
[Result "0-1"]
[WhiteElo "2389"]
[BlackElo "2309"]
[PlyCount "120"]
[EventDate "2006.??.??"]
[WhiteTeam "Russland"]
[BlackTeam "Ungarn"]
[WhiteTeamCountry "RUS"]
[BlackTeamCountry "HUN"]

1. e4 c5 2. Nf3 g6 3. d4 Bg7 4. d5 Nf6 5. Nc3 d6 6. Be2 O-O 7. O-O Na6 8. Nd2
Nc7 9. a4 b6 10. Nc4 Ba6 11. Re1 Re8 12. Bf4 Nd7 13. Qd2 Rb8 14. Na3 Bxe2 15.
Rxe2 Ne5 16. Bg3 a6 17. f4 Ng4 18. Nc4 b5 19. Na5 b4 20. Nd1 Qd7 21. Nc4 e6 22.
e5 exd5 23. Nxd6 Re6 24. h3 Nh6 25. Ne3 d4 26. Nec4 Ne8 27. a5 Nxd6 28. Nxd6
Nf5 29. Nxf5 gxf5 30. Qd3 Rg6 31. Bh4 Qb5 32. Qxb5 Rxb5 33. Bd8 b3 34. Rd1 Bh6
35. Rf1 bxc2 36. Rxc2 d3 37. Rd2 c4 38. Rff2 Bf8 39. Kf1 Bb4 40. Rd1 Bc5 41. g4
Bxf2 42. Kxf2 Rxb2+ 43. Ke3 fxg4 44. f5 Rc6 45. hxg4 Rg2 46. g5 Kf8 47. Bf6 Ke8
48. Rb1 Kd7 49. Rb8 Kc7 50. Rb1 d2 51. e6 fxe6 52. Be5+ Kd7 53. f6 Rc8 54. Bc3
Rxg5 55. Kxd2 e5 56. Rb7+ Rc7 57. Rb6 Rc6 58. f7 Rf5 59. Bxe5 Rxb6 60. axb6 Kc6
0-1